| 000 | 01910nam2a22002771 4500 | ||
|---|---|---|---|
| 001 | RU\NLR\INFOCOMM31\5000091339 | ||
| 005 | 20250617031704.0 | ||
| 035 | _a(NLR Aleph) 002409817 | ||
| 090 |
_a1810366 _c1810366 |
||
| 100 | _a20050119d1976 |||y0rusy50 ca | ||
| 101 | 0 | _arus | |
| 102 | _aRU | ||
| 105 | _ay ||||000|y | ||
| 200 | 1 |
_aО нагружении тела с упруго прикрепленным диском при входе в воду _fО.А. Кузнецов, Р.И. Осьминин |
|
| 210 |
_d1976 _aБ. м. |
||
| 423 | 0 |
_12001#$aИзмерение коэффициента момента силы, действующей на изолированный диск при погружении его под углом к свободной поверхности воды$fР.И. Осьминин _1700#1$aОсьминин$bР.И. _tИзмерение коэффициента момента силы, действующей на изолированный диск при погружении его под углом к свободной поверхности воды _aОсьминин, Р.И. |
|
| 461 | 0 |
_1001RU\NLR\INFOCOMM31\5000085815 _12001#$aТруды ЦАГИ$fЦентр. аэрогидродинам. ин-т им. проф. Н.Е. Жуковского$vВып.1741 _93998286 _aЦентральный аэрогидродинамический институт им. Н. Е. Жуковского (Москва) _cМ. _d1923 - _fЦентр. аэрогидродинам. ин-т им. проф. Н.Е. Жуковского _nИзд-во Бюро новой техники НКАП _tТруды ЦАГИ _x2588-0098 _vВып.1741 |
|
| 700 | 1 |
_aКузнецов _bО.А. _4070 |
|
| 701 | 1 |
_aОсьминин _bР.И. _4070 |
|
| 801 | 1 |
_aRU _bInfoComm _c20050128 |
|
| 801 | 0 |
_aRU _bNLR _gPSBO |
|
| 852 |
_aNLR _jП11/665 |
||
| 942 | _cISSUE | ||
| 980 | _aNB | ||
| 980 | _aRUSPER | ||